02199nam1a2200253 i 4500001002400000005001700024035002600041100004100067101000800108102000700116105001800123181001200141182000600153200071700159203007500876210013200951215000701083606014701090686002101237702016701258711025001425712024901675852002101924RU\NLR\BIBL_A\01240352420241115073252.0 a(NLR Aleph) 012403524 a20201113g20209999k y0rusy50 ca0 arus aRU a z  0aibaxxe 0an1 aИнтеллектуальные информационные системы: теория и практикаeсборник научных статей по материалам I Всероссийской конференции 20-22 апреля 2020 годаfФГБОУ ВО "Курский государственный университет", Факультет физики, математики, информатики, Кафедра программного обеспечения и администрирования информационных системg[редакционная коллегия: К. С. Макаров, канд. техн. наук (отв. ред.) и др.] aТекстbвизуальныйcнепосредственный aКурскcДеловая полиграфияcКурский государственный университетd2020 d25 aИнтеллектуальные информационные системыjСъезды, совещания и т.п3RU\NLR\AUTH\6613099841 aЗ973.23я431(2) 143407ca8rusaМакаровbК. С.cканд. техн. наук, информатикаf1990-gКонстантин Сергеевич3RU\NLR\AUTH\77022359012a"Интеллектуальные информационные системы: теория и практика", всероссийская научно-техническая конференцияd1eКурскf20203RU\NLR\AUTH\880531105024570aКурский государственный университетbКафедра программного обеспечения и администрирования информационных систем3RU\NLR\AUTH\880531106 aNLRj2020-7/4652